Leonardo Turriano, ingeniero del rey / (Record no. 179733)

MARC details
000 -LEADER
campo de control de longitud fija 01400nam a2200325 i 4500
001 - NÚMERO DE CONTROL
campo de control 179733
003 - IDENTIFICADOR DE NÚMERO DE CONTROL
campo de control ES-MaACL
005 - FECHA Y HORA DE LA ÚLTIMA TRANSACCIÓN
campo de control 20250902235443.0
008 - DATOS DE LONGITUD FIJA--INFORMACIÓN GENERAL
campo de control de longitud fija 120113s2010 sp abe |||| |bspa d
020 ## - NÚMERO INTERNACIONAL ESTÁNDAR DEL LIBRO
Número Internacional Estándar del Libro 978-84-920755-9-1
080 ## - NÚMERO DE LA CLASIFICACIÓN DECIMAL UNIVERSAL
Número de la Clasificación Decimal Universal 62/69 Turriano, Leonardo
080 ## - NÚMERO DE LA CLASIFICACIÓN DECIMAL UNIVERSAL
Número de la Clasificación Decimal Universal 623(460)"15/16"
100 1# - ENTRADA PRINCIPAL--NOMBRE DE PERSONA
Nombre de persona Cámara Muñoz, Alicia.
9 (RLIN) 33995
245 10 - MENCIÓN DEL TÍTULO
Título Leonardo Turriano, ingeniero del rey /
Mención de responsabilidad, etc. autores, Alicia Cámara, Rafael Moreira, Marino Viganò ; transcripción y notas de la "Descripción de las Plaças de Orán y Mazarquivir" a cargo de Daniel Crespo Delgado.
260 ## - PUBLICACIÓN, DISTRIBUCIÓN, ETC.
Lugar de publicación, distribución, etc. [Madrid] :
Nombre del editor, distribuidor, etc. Fundación Juanelo Turriano,
Fecha de publicación, distribución, etc. [2010]
300 ## - DESCRIPCIÓN FÍSICA
Extensión 282 p. (algunas pleg.) :
Otras características físicas il. col. y n., mapas, planos ;
Dimensiones 27 cm.
504 ## - NOTA DE BIBLIOGRAFÍA, ETC.
Nota de bibliografía, etc. Referencias bibliográficas.
600 17 - PUNTO DE ACCESO ADICIONAL DE MATERIA--NOMBRE DE PERSONA
Nombre de persona Turriano, Leonardo.
9 (RLIN) 149062
650 #7 - PUNTO DE ACCESO ADICIONAL DE MATERIA--TÉRMINO DE MATERIA
Término de materia o nombre geográfico como elemento de entrada Ingeniería militar-
Subdivisión geográfica España
Fuente del encabezamiento o término
9 (RLIN) 149063
700 1# - ENTRADA AGREGADA--NOMBRE PERSONAL
Nombre de persona Turriano, Leonardo.
9 (RLIN) 149062
700 1# - ENTRADA AGREGADA--NOMBRE PERSONAL
Nombre de persona Moreira, Rafael.
9 (RLIN) 149064
700 1# - ENTRADA AGREGADA--NOMBRE PERSONAL
Nombre de persona Viganò, Marino.
9 (RLIN) 149065
700 1# - ENTRADA AGREGADA--NOMBRE PERSONAL
Nombre de persona Crespo Delgado, Daniel,
Fechas asociadas al nombre 1974-
9 (RLIN) 237517
710 2# - ENTRADA AGREGADA--NOMBRE DE ENTIDAD CORPORATIVA
Nombre de entidad corporativa o nombre de jurisdicción como elemento de entrada Fundación Juanelo Turriano.
9 (RLIN) 4352
740 02 - ENTRADA AGREGADA--TÍTULO RELACIONADO/ANALÍTICO NO CONTROLADO
Título relacionado o analítico no controlado Descripción de las Plaças de Orán y Mazarquivir.
852 ## - LOCALIZACIÓN
Ubicación ES-MaACL
Número de control de estantería A-11845
itemnumber 186633
Sublocalización o colección R.148504
Ubicación en estantería Depósito 1
Signatura antigua Olim: N-4850
Encuadernación Donación: Fundación Juanelo Turriano
912 ## - NOMBRE ENTIDAD DE POSESOR
RLIN 4352
Nombre de congreso/reunión o jurisdicción como elemento de entrada Fundación Juanelo Turriano
942 ## - ELEMENTOS DE ENTRADA SECUNDARIOS (KOHA)
Fuente del sistema de clasificación o colocación Clasificación decimal universal
Tipo de ítem Koha Libro impreso
Holdings
Estatus retirado Estado de pérdida Fuente del sistema de clasificación o colocación Estado de daño No para préstamo Biblioteca de origen Biblioteca actual Ubicación en estantería Fecha de adquisición Fuente de adquisición Total de préstamos Signatura topográfica completa Código de barras Visto por última vez Precio de reemplazo Tipo de ítem Koha
    Clasificación decimal universal     Biblioteca del Ateneo de Madrid Biblioteca del Ateneo de Madrid Depósito 1 13/01/2012 Donación   A-11845 1188813 23/02/2023 23/02/2023 Libro impreso